Statistiques concernant Culture Générale - Série 744

Cliquez ici pour prendre le quiz!

Statistiques générales

  • Ce quiz a été pris 259 fois
  • Le résultat moyen est 7 sur 10

Statistiques - réponses

QuestionRéponse% Correct
"Guten Tag" en allemand, "kalimera" en grec, "buongiorno" en italien, signifient en français...Bonjour
100%
Le chiffre qui complète une attraction de fête foraine dérivée des montagnes russes est "le grand...huit
94%
Quel pays les soldats appelés G.I. servent-ils ?Etats Unis
93%
Selon l'expression, de quelle matière est fait le bas dans lequel on cache ses économies ?laine
71%
Quel joueur de football surnommé "Le Président" embrassait le crâne de Fabien Barthez avant chaque match des Bleus en 1998 ?Laurent Blanc
71%
En 1977, quelle reine du music-hall, prénommée Liza, est la partenaire de Robert de Niro, dans le film : "New York, New York" ?Liza Minelli
67%
Quelle variété de fruit à chair orange est le cantaloup ?melon
50%
Quel était le prénom du "bienheureux" dans le film d'Yves Robert de 1968, " ....le bienheureux" ?Alexandre
46%
Quel nom de couleur désigne un animal marin aussi appelé "figue de mer" ?violet
33%
Complétez le titre du roman de Marguerite Yourcenar "Mémoires ...d'Hadrien
29%

Distribution des résultats

Percentile par nombre de réponses

% des personnes avec chaque résultat

Votre développement - résultats

Vous n’avez pas pris ce quiz